000 00612nam a2200229Ia 4500
003 OSt
005 20220924135357.0
006 a|||||r|||| 00| 0
007 ta
008 220923b |||||||| |||| 00| 0 ben d
024 _a290922
037 _cTextual
040 _aARTS
_cARTS
_bben
041 _2ben
_aben
082 _aO15,1A2:gOR, 157J7
100 _aSharma Dev
_9210231
245 0 _aSankhep Mahabharat ba aahabharter adhyatmik bhyakhya
260 _c1957
650 _aSANSKRIT LITERATURE
942 _hO15,1A2:gOR, 157J7
_cTEXL
_2CC
999 _c440519
_d440519